Lịch sử văn minh thế giới

שמור ב:
מידע ביבליוגרפי
מחברים אחרים: Vũ, Dương Ninh
פורמט: ספר
יצא לאור: Hà Nội Giáo dục 1998
נושאים:
תגים: הוספת תג
אין תגיות, היה/י הראשונ/ה לתייג את הרשומה!
Thư viện lưu trữ: Trung tâm Học liệu Lê Vũ Hùng, Trường Đại học Đồng Tháp
LEADER 00766pam a22002538a 4500
001 00029216
005 20171026081022.0
008 120515s1998 ||||||Viesd
020 |c 22500 
041 0 # |a Vie 
082 1 4 |a 909  |b L302S 
245 0 0 |a Lịch sử văn minh thế giới  |c Vũ Dương Ninh chủ biên...[và nh. ng. khác] 
260 # # |a Hà Nội  |b Giáo dục  |c 1998 
300 # # |a 372tr.  |c 21 cm. 
650 # 4 |a Lịch sử 
653 # # |a Lịch sử thế giới 
653 # # |a Văn minh 
700 1 # |a Vũ, Dương Ninh 
852 # # |b Kho mượn  |j KM.0013900 
852 # # |j KM.0013900 
910 |d 15/05/2012 
980 # # |a Trung tâm Học liệu Lê Vũ Hùng, Trường Đại học Đồng Tháp